000 01725nam a2200409 a 4500
001 000020243
003 DO-SdBNP
005 20210427105110.0
007 000020243
008 100730s2017 dr abc 001 0 spa d
020 _z9789945894653
040 _aBPMSU
_bspa
_cBPMSU
082 _a808
_bK65p. 2017
_222
092 _a
_b
100 1 _a Klinger Pevida Eduardo
245 1 3 _aLos Premios Nobel 1901-2016 :
_b los laureados, aportes premiados e impactos socioeconómicos /
_c Eduardo Klinger Pevida ; prólogo Luis Scheker Ortiz.
260 _aSanto Domingo :
_bAcademia de Ciencias de la República Dominicana :
_c2017
300 _a955 p. :
_bil. retrs. ;
_c25 cm.
500 0 _aincluye datos biográficos del autor en la contracubierta
505 0 _aPremios Nobel de Física -- Premios Nobel de Química -- Premios Nobel de Fisiología y medicina -- Premios Nobel de Literatura -- Premios Nobel de la Paz -- Los Premios Nobel de Economía 1968-1999 -- Los Premios Nobel de América Latina y el Caribe -- Las mujeres y el Premio Nobel.
_8
586 _aPremios Nobel 1901-2016
590 _6Inventariado, 2021/VM
610 1 4 _aFundación Nobel
650 4 _aPremios Nobel de Física
_x
650 4 _aPremios Nobel de Literatura
650 4 _aPremios Nobel de Química
650 4 _aPremios Nobel de Paz
650 4 _a Premios Nobel de Medicina
650 4 _aLiteratura y ciencia
700 1 2 _aScheker Ortiz, Luis
_d
_e pról.
710 2 _aMinisterio de Educación Superior, Ciencia y Tecnología (República Dominicana)
710 2 _aAcademia de Ciencias de la República Dominicana
830 0 _aEdiciones Ferilibro
910 _aVMateo
942 _2ddc
_cBK
945 _a
999 _c13436
_d13436